00895 2200289 4500001002100000005001500021035002500036008004100061082001100102090001700113100003400130245013800164260003700302300002100339500009700360650002500457700002300482850001200505980001100517985000600528999001500534007000300549040001200552084001700564990001200581990001200593YOGYA-0209000000991620200604111142 a0010-020900000009916 ind  a297.44 a297.44 TAU p aTAUFIQ AL'ATTHAR' Abdul Nasir aPolygami :bdi tinjau dari segi agama, sosial dan Perundang-undangan /cAbdul Nasir Taufiq al-Atthar ; alih bahasa, Chadijah Nasution aJakarta :bBulan bintang,c[s.a] a344 hlm ;c21 cm aJudul asli : Ta'dduduz zanjaati minan nawaahid diimiyyati wal utimaa iyyati wal Qaanumiyaati aPoligami dalam Islam aNasution, Khadijah aYOPDYOG a300605 a1 aP000013028ta aYOPDYOG a297.44 TAU p a13028-P a13028-P